50 Célébrité par images - Statistiques

Statistiques générales
  • Ce quiz a été pris 279 fois
  • Le résultat moyen est 26 sur 50
Statistiques - réponses
Par images Réponse % Correct
Rihanna
97%
Squeezie
90%
Aya Nakamura
86%
Ariana Grande
85%
Beyoncé
81%
Justin Bieber
81%
Taylor Swift
78%
Louis de Funès
76%
Bruno Mars
75%
Seb
75%
Selena Gomez
74%
Léna Situations
72%
Eminem
69%
Dua lipa
68%
Kim Kardashian
67%
Margot Robbie
67%
Nicki Minaj
66%
Zendaya
66%
Cardi B
64%
Djilsi
63%
Maxime Biaggi
62%
Mariah Carey
61%
Marcus
59%
Kylie Jenner
58%
Théodora
56%
kendall jenner
52%
Lana Del Rey
51%
Doja Cat
49%
Central Cee
48%
Hailey Bieber
48%
Whitney Houston
47%
Bella Hadid
46%
Olivia Rodrigo
45%
Megan Fox
44%
Ice spice
43%
Solène
43%
Gigi Hadid
42%
Rosé
41%
Asap Rocky
38%
Lisa
35%
Yseult
28%
SZA
27%
Jennie
26%
Benny Blanco
24%
Theo James
24%
Raye
19%
Jisoo
16%
Sexyy Red
4%
Madeline Argy
2%
Vittoria Ceretti
2%
Aucun quiz correspondant
Distribution des résultats
% des personnes avec chaque résultat
Percentile par nombre de réponses
Votre historique - résultats
Vous n’avez pas pris ce quiz